LEADER 00901nam0-22003251i-450- 001 990008855300403321 005 20091012085943.0 010 $z443-011036 035 $a000885530 035 $aFED01000885530 035 $a(Aleph)000885530FED01 035 $a000885530 100 $a20090515d1974----km-y0itay0103----ba 101 0 $aeng 105 $aa-------001yy 200 1 $aBedside diagnosis$fCharles Seward$gwith the assistance of David Mattingly 205 $a10th ed. 210 $aEdinburgh$cChurchill Livingstone$d1974 215 $aXIII, 582 p.$cill.$d18 cm 610 0 $aDiagnosi clinica 676 $a616.071 700 1$aSeward,$bCharles$0317328 702 1$aMattingly,$bDavid 801 0$aIT$bUNINA$gRICA$2UNIMARC 901 $aBK 912 $a990008855300403321 952 $a616.071 SEW$b58$fDMECM 959 $aDMECM 996 $aBedside diagnosis$9804257 997 $aUNINA LEADER 01598nam--2200433---450- 001 990000787380203316 005 20100610104117.0 010 $a3-428-07356-8 035 $a0078738 035 $aUSA010078738 035 $a(ALEPH)000078738USA01 035 $a0078738 100 $a20011204d1992----km-y0itay0103----ba 101 $ager 102 $aDE 105 $a||||||||001yy 200 1 $aRechtsschutz im Rahmen staatlicher Tarifgenehmigungsverfahren$eunter besonderer Berücksichtigung des Verhaltnisses zwischen Deutscher Bundesbahn und Bundesverkehrsminster$fvon Norbert Mayer 210 $aBerlin$cDincker & Humblot$d1992 215 $a226 p$d24 cm 225 2 $aSchriften zum Öffentlichen Recht$v612 410 $aSchriften zum Öffentlichen Recht$12001$v536 606 0 $aTrasporti ferroviari$yGermania$xLegislazione 606 0 $aTariffe ferroviarie$yGermania$xLegislazione 676 $a343.43095 700 1$aMAYER,$bNorbert$0239100 801 0$aIT$bsalbc$gISBD 912 $a990000787380203316 951 $aXXIV.1. Coll. 1/ 204 (COLL. AVO 612)$b75788 G$cXXIV.1. Coll. 1/ 204 (COLL. AVO)$d00270701 959 $aBK 969 $aGIU 979 $aPATTY$b90$c20011204$lUSA01$h1624 979 $c20020403$lUSA01$h1725 979 $aPATRY$b90$c20040406$lUSA01$h1654 979 $aFIORELLA$b90$c20071004$lUSA01$h1219 979 $aRSIAV4$b90$c20100610$lUSA01$h1041 979 $aCHIARA$b90$c20120517$lUSA01$h0928 979 $aCHIARA$b90$c20120517$lUSA01$h0928 996 $aRechtsschutz im Rahmen staatlicher Tarifgenehmigungsverfahren$9965599 997 $aUNISA